000 00290nam a2200121Ia 4500
008 170620s9999 xx 000 0 und d
100 _aG R.CHATWAL
245 0 _aINSTRUMENTAL METHODS OF CHEMICAL ANALYSIS
260 _bHimalaya
260 _c2008
300 _a278
546 _aEnglish
690 _a CHEMICAL ANALYSIS
999 _c31136
_d31136